| 000 | 00751nam a2200217 a 4500 | ||
|---|---|---|---|
| 999 |
_c3856 _d3856 |
||
| 001 | 3856 | ||
| 003 | BD-JhCC | ||
| 005 | 20171119101109.0 | ||
| 008 | 171119s1988 bg |||| |||| 000 0 ben d | ||
| 035 | _a(BD-JhCC) 3856 | ||
| 040 |
_aBD-JhCC _dBD-JhCC |
||
| 041 | _aben | ||
| 082 |
_a891.4415 _bDOU 1988 |
||
| 245 |
_aসুধীন্দ্রনাথ দত্তের শ্রেষ্ঠ কবিতা / _cজগন্নাথ চক্রবর্তী |
||
| 260 |
_aকলকাতা : _bদে' জ পাবলিশিং, _c১৯৮৮. |
||
| 300 |
_a১৫৪ পৃ. : _c২১ সেমি. |
||
| 650 | _aselective poem | ||
| 700 | _a চক্রবর্তী, জগন্নাথ | ||
| 942 |
_2ddc _cBK |
||